Traduction en Espagnol - Thème Cuisine - Statistiques

Statistiques générales
  • Ce quiz a été pris 30 fois
  • Le résultat moyen est 9 sur 83
Statistiques - réponses
Français Espagnol % Correct
Assiette Plato
85%
Dîner Cena
40%
Cuillère Cuchara
40%
Couteau Cuchillo
40%
Éponge Esponja
40%
Couper Cortar
35%
Four Horno
35%
Mélanger Mezclar
35%
Fourchette Tenedor
35%
Micro-ondes Microondas
30%
Couvercle Tapa
30%
Congélateur Congelador
25%
Saler Salar
25%
Poêle Sartén
25%
Déjeuner Almuerzo
20%
Balance Balanza
20%
Cafetière Cafetera
20%
Couverts Cubiertos
20%
Petit-déjeuner Desayuno
20%
Mettre la table Poner la mesa
20%
Tasse Taza
20%
Robinet Grifo
15%
Carafe Jarra
15%
Lave-vaisselle Lavavajillas
15%
Réfrigérateur Refrigerador
15%
Verre Vaso
15%
Placard Armario
10%
Tiroir Cajón
10%
Chauffer Calentar
10%
Éplucher Pelar
10%
Poivrer Pimentar
10%
Préchauffer le four Precalentar el horno
10%
Serviette Servilleta
10%
Grille-pain Tostadora
10%
Faire griller Asar
5%
Plateau Bandeja
5%
Fouet Batidor
5%
Cuillère à soupe Cuchara sopera
5%
Cuillère à café Cucharilla
5%
Faire fondre Derretir
5%
Refroidir Enfriar
5%
Fariner Enharinar
5%
Spatule Espátula
5%
Évier Fregadero
5%
Faire bouillir Hervir
5%
Râper Rallar
5%
Assaisonner Sazonar
5%
Faire rôtir Asar al horno
0%
Plaque de cuisson Bandeja de horno
0%
Mixeur Batidora
0%
Fouetter Batir
0%
Battre les blancs d’œufs en neige Batir las claras a punto de nieve
0%
Casserole Cacerola
0%
Hotte Campana extractora
0%
Faire mijoter Cocer a fuego lento
0%
Passoire Colador
0%
Couper en dés Cortar en cubos
0%
Louche Cucharón
0%
Tablier Delantal
0%
Décortiquer Descascarar
0%
Dénoyauter Deshuesar
0%
Liquide vaisselle Detergente
0%
Entonnoir Embudo
0%
Saladier Ensaladera
0%
Égouttoir Escurridor
0%
Saupoudrer Espolvorear
0%
Friteuse Freidora
0%
Bouilloire Hervidor
0%
Cuire au four Hornear
0%
Faire la vaisselle Lavar los platos
0%
Nappe Mantel
0%
Moule à tarte Molde para tarta
0%
Marmite Olla
0%
Cocotte minute Olla a presión
0%
Torchon Paño de cocina
0%
Économe Pelador
0%
Hacher Picar
0%
Grattoir Raspador
0%
Rouleau à pâtisserie Rodillo
0%
Tire-bouchon Sacacorchos
0%
Planche à découper Tabla de cortar
0%
Bol Tazón
0%
Théière Tetera
0%
Aucun quiz correspondant
Distribution des résultats
% des personnes avec chaque résultat
Percentile par nombre de réponses
Votre historique - résultats
Vous n’avez pas pris ce quiz